Advanced Accountancy (Record no. 810)
[ view plain ]
| 000 -LEADER | |
|---|---|
| Fixed length control field | 00537nam a2200193 4500 |
| 003 - CONTROL NUMBER IDENTIFIER | |
| Control field | SEACOMMC |
| 005 - DATE AND TIME OF LATEST TRANSACTION | |
| Control field | 20250425154620.0 |
| 008 - FIXED-LENGTH DATA ELEMENTS--GENERAL INFORMATION | |
| Fixed length control field | 241130b |||||||| |||| 00| 0 eng d |
| 020 ## - INTERNATIONAL STANDARD BOOK NUMBER / ISBN | |
| International Standard Book Number | 0-70-699-911-8 |
| Price | Rs.375.00 |
| 040 ## - CATALOGING SOURCE | |
| Original cataloging agency | SEACOMMC |
| 082 ## - DEWEY DECIMAL CLASSIFICATION NUMBER | |
| Classification number | 657 |
| Book Number | M 214 |
| 100 ## - MAIN ENTRY--PERSONAL NAME | |
| Personal name | Maheshwari S.N. |
| 245 1# - TITLE STATEMENT | |
| Title | Advanced Accountancy |
| Statement of responsibility | S. N. Maheshwari [and] S. K. Maheshwari |
| 250 ## - EDITION STATEMENT | |
| Edition statement | 8th rev.&enl. ed. |
| 260 ## - IMPRINT | |
| Place of publication | New Delhi |
| Name of publisher | Vikas publishing house |
| Date of publication | 2004 |
| 300 ## - PHYSICAL DESCRIPTION | |
| Page / Vol. No | volume 2 |
| 650 ## - SUBJECT ADDED ENTRY--TOPICAL TERM | |
| Topical term | Accounts Advanced |
| 942 ## - ADDED ENTRY ELEMENTS (KOHA) | |
| Koha item type | Books |
| Withdrawn status | Lost status | Source of classification | Damaged status | Not for loan | Home library | Current library | Shelving location | Date acquired | Total Checkouts | Call number | Accession number | Date last seen | Price effective from | Koha item type | Copy number |
|---|---|---|---|---|---|---|---|---|---|---|---|---|---|---|---|
| Dewey Decimal Classification | SEACOM MANAGEMENT COLLEGE | SEACOM MANAGEMENT COLLEGE | Reference | 28/11/2007 | 657 M 214 | M-1068 | 30/11/2024 | 30/11/2024 | Books | ||||||
| Dewey Decimal Classification | SEACOM MANAGEMENT COLLEGE | SEACOM MANAGEMENT COLLEGE | 28/11/2007 | 657 M 214 | M-1069 | 30/11/2024 | 30/11/2024 | Books | 1 | ||||||
| Dewey Decimal Classification | SEACOM MANAGEMENT COLLEGE | SEACOM MANAGEMENT COLLEGE | 28/11/2007 | 657 M 214 | M-1070 | 30/11/2024 | 30/11/2024 | Books | 2 | ||||||
| Dewey Decimal Classification | SEACOM MANAGEMENT COLLEGE | SEACOM MANAGEMENT COLLEGE | 28/11/2007 | 657 M 214 | M-1071 | 30/11/2024 | 30/11/2024 | Books | 3 | ||||||
| Dewey Decimal Classification | SEACOM MANAGEMENT COLLEGE | SEACOM MANAGEMENT COLLEGE | 28/11/2007 | 657 M 214 | M-1072 | 30/11/2024 | 30/11/2024 | Books | 4 | ||||||
| Dewey Decimal Classification | SEACOM MANAGEMENT COLLEGE | SEACOM MANAGEMENT COLLEGE | 28/11/2007 | 657 M 214 | M-1073 | 30/11/2024 | 30/11/2024 | Books | 5 |
